| 000 | 01043am a2200337a 44500 | ||
|---|---|---|---|
| 003 | AR-BaBNM | ||
| 005 | 20251128210953.0 | ||
| 008 | 192020s1995 #AR|||||||||||000 | eng|| | ||
| 020 | _a1-56593-451-2 | ||
| 040 | _cAR-BaBNM | ||
| 245 | 1 | 0 |
_aIntegrating language and learning for inclusion _ban asian-pacific focus |
| 260 |
_aSan Diego _bSingular Publishing Group _c1995 |
||
| 300 |
_axvii, 339 p. _btablas, gráfs. |
||
| 490 | 0 | _aCulture, rehabilitation, and education series | |
| 500 | _aContiene índice alfabético | ||
| 504 | _aContiene referencias bibliográficas al final de cada capítulo | ||
| 650 | 4 | _aINGLES | |
| 650 | 4 | _aMINORIAS LINGUISTICAS | |
| 650 | 4 | _aEDUCACION BILINGUE | |
| 650 | 4 | _aEDUCACION MULTICULTURAL | |
| 650 | 4 | _aINTEGRACION SOCIAL | |
| 651 | 4 | _aOceanía | |
| 651 | 4 | _aAsia | |
| 651 | 4 | _aIslas del Pacífico | |
| 653 | _aINTEGRACION EDUCATIVA | ||
| 653 | _aLENGUAJES ARTISTICOS | ||
| 700 | 1 |
_aCheng, Li-Rong Lilly _eeditor |
|
| 800 | 1 | _aTaylor, Orlando L. | |
| 942 | _cBK | ||
| 998 | _craquel | ||
| 999 |
_c17696 _d17696 |
||